{"text_format":"3","workbook":"xls","n_sheets":3,"sheets":["PLANILHA","CRONOGRAMA","BDI"],"not_rendered":{"external_links":2,"defined_names":6},"read":"whole","date_system":"1900","formulas":"cached_only"}

{"sheet":"PLANILHA","index":0,"n_rows":195,"n_cols":11,"rows_kept":195,"merged":[[0,0,0,8],[1,0,1,8],[2,0,2,8],[3,0,3,6],[4,0,4,8],[5,0,6,0],[5,1,6,1],[5,2,6,2],[5,3,6,3],[5,4,6,4],[5,5,6,5],[5,6,6,6],[5,7,6,7],[5,8,6,8],[8,11,8,12],[10,11,10,12],[11,11,11,12],[12,11,12,12],[13,11,13,12],[14,11,14,12],[180,0,180,7],[184,0,184,8],[185,0,185,8],[186,0,186,8],[190,0,190,8],[191,0,191,8],[192,0,192,8]],"flags":["formulas_cached_only"]}
["PLANILHA DE ORÇAMENTARIAS - ESCOLA 4 SALAS - PINDAIBA DO ARROZ"]
["OBRA: TÉRMINO DE CONSTRUÇÃO DE ESCOLA 04 SALAS NO ÂMBITO DO PROJETO ESPAÇO EDUCATIVO URBANO E RURAL II/FNDE"]
["LOCAL: COMUNIDADE DE PINDAIBA DO ARROZ"]
["PLANILHA REFERENCIAL DE PREÇOS: SEINFRA JULHO/2025,  SINAPI ABRIL/2025, SUDECAP JUNHO/2025 COM  DESONERAÇÃO REGIÃO NORTE",{"$nulls":6},"BDI",{"v":0.2398,"d":"23.98%"}]
["PRAZO DE EXECUÇÃO: 360 DIAS"]
["ITEM","FONTE","CÓDIGO","DISCRIMINAÇÃO","UNIDADE","QUANTIDADE","PREÇO UNITARIO ","PREÇO UNITARIO COM BDI ","PREÇO TOTAL"]
[]
[1,null,null,"SERVIÇOS PRELIMINARES",{"$nulls":4},{"v":3708.6,"d":"R$3,708.60"},null,{"v":990524.0900000001,"d":"R$990,524.09"}]
["1.1","SINAPI",103689,"PLACA DE OBRA EM CHAPA ZINCADA, INSTALADA","M²",{"v":6,"d":"6.00"},{"v":498.55,"d":"R$498.55"},{"v":618.1,"d":"R$618.10"},{"v":3708.6,"d":"R$3,708.60"}]
[2,null,null,"SUPERESTRUTURA",{"$nulls":4},{"v":45916.14,"d":"R$45,916.14"}]
["2.1","SINAPI",103669,"CONCRETAGEM DE PILARES, FCK = 25 MPA, COM USO DE BALDES - LANÇAMENTO, ADENSAMENTO E\nACABAMENTO. ","M³",{"v":27.5,"d":"27.50"},{"v":974.07,"d":"R$974.07"},{"v":1207.65,"d":"R$1,207.65"},{"v":33210.38,"d":"R$33,210.38"}]
["2.2","SINAPI",103682,"CONCRETAGEM DE VIGAS E LAJES, FCK=25 MPA, PARA QUALQUER TIPO DE LAJE COM BALDES EM EDIFICAÇÃO\nTÉRREA - LANÇAMENTO, ADENSAMENTO E ACABAMENTO.","M³",{"v":2.8,"d":"2.80"},{"v":990.9,"d":"R$990.90"},{"v":1228.52,"d":"R$1,228.52"},{"v":3439.86,"d":"R$3,439.86"}]
["2.3","SINAPI",92803,"CORTE E DOBRA DE AÇO CA-50, DIÂMETRO DE 10,0 MM.","KG",{"v":276.3,"d":"276.30"},{"v":8.99,"d":"R$8.99"},{"v":11.15,"d":"R$11.15"},{"v":3080.75,"d":"R$3,080.75"}]
["2.4","SINAPI",92802,"CORTE E DOBRA DE AÇO CA-50, DIÂMETRO DE 8,0 MM.","KG",{"v":249.60000000000002,"d":"249.60"},{"v":10.95,"d":"R$10.95"},{"v":13.58,"d":"R$13.58"},{"v":3389.57,"d":"R$3,389.57"}]
["2.5","SINAPI",92800,"CORTE E DOBRA DE AÇO CA-60, DIÂMETRO DE 5,0 MM.","KG",{"v":229.9,"d":"229.90"},{"v":9.81,"d":"R$9.81"},{"v":12.16,"d":"R$12.16"},{"v":2795.58,"d":"R$2,795.58"}]
[3,null,null,"INSTALAÇÃO HIDROSSANITÁRIA",{"$nulls":4},{"v":82669.67,"d":"R$82,669.67"}]
["3.1","SINAPI",89449,"TUBO, PVC, SOLDÁVEL, DE 50MM, INSTALADO EM PRUMADA DE ÁGUA - FORNECIMENTO E INSTALAÇÃO.","M",{"v":52,"d":"52.00"},{"v":17.33,"d":"R$17.33"},{"v":21.49,"d":"R$21.49"},{"v":1117.48,"d":"R$1,117.48"}]
["3.2","SINAPI",89448,"TUBO, PVC, SOLDÁVEL, DE 40MM, INSTALADO EM PRUMADA DE ÁGUA - FORNECIMENTO E INSTALAÇÃO.","M",{"v":6,"d":"6.00"},{"v":15.63,"d":"R$15.63"},{"v":19.38,"d":"R$19.38"},{"v":116.28,"d":"R$116.28"}]
["3.3","SINAPI",89447,"TUBO, PVC, SOLDÁVEL, DE 32MM, INSTALADO EM PRUMADA DE ÁGUA - FORNECIMENTO E INSTALAÇÃO.","M",{"v":26,"d":"26.00"},{"v":10.23,"d":"R$10.23"},{"v":12.68,"d":"R$12.68"},{"v":329.68,"d":"R$329.68"}]
["3.4","SINAPI",89446,"TUBO, PVC, SOLDÁVEL, DE 25MM, INSTALADO EM PRUMADA DE ÁGUA - FORNECIMENTO E INSTALAÇÃO.","M",{"v":85,"d":"85.00"},{"v":5.17,"d":"R$5.17"},{"v":6.41,"d":"R$6.41"},{"v":544.85,"d":"R$544.85"}]
["3.5","SINAPI",89401,"TUBO, PVC, SOLDÁVEL, DE 20MM, INSTALADO EM RAMAL DE DISTRIBUIÇÃO DE ÁGUA - FORNECIMENTO E INSTALAÇÃO.","M",{"v":122,"d":"122.00"},{"v":10.67,"d":"R$10.67"},{"v":13.23,"d":"R$13.23"},{"v":1614.06,"d":"R$1,614.06"}]
["3.6","SINAPI",89595,"ADAPTADOR CURTO COM BOLSA E ROSCA PARA REGISTRO, PVC, SOLDÁVEL, DN 50MM X 1.1/4, INSTALADO EM\nPRUMADA DE ÁGUA - FORNECIMENTO E INSTALAÇÃO. AF","UNIDADE",{"v":2,"d":"2.00"},{"v":13.75,"d":"R$13.75"},{"v":17.05,"d":"R$17.05"},{"v":34.1,"d":"R$34.10"}]
["3.7","SINAPI",89383,"ADAPTADOR CURTO COM BOLSA E ROSCA PARA REGISTRO, PVC, SOLDÁVEL, DN 25MM X 3/4, INSTALADO EM RAMAL OU SUB-RAMAL DE ÁGUA - FORNECIMENTO E INSTALAÇÃO.","UNIDADE",{"v":12,"d":"12.00"},{"v":6.57,"d":"R$6.57"},{"v":8.15,"d":"R$8.15"},{"v":97.8,"d":"R$97.80"}]
["3.8","SINAPI",89376,"ADAPTADOR CURTO COM BOLSA E ROSCA PARA REGISTRO, PVC, SOLDÁVEL, DN 20MM X 1/2, INSTALADO EM RAMAL OU SUB-RAMAL DE ÁGUA - FORNECIMENTO E INSTALAÇÃO.","UNIDADE",{"v":10,"d":"10.00"},{"v":5.63,"d":"R$5.63"},{"v":6.98,"d":"R$6.98"},{"v":69.8,"d":"R$69.80"}]
["3.9","SINAPI",94497,"REGISTRO DE GAVETA BRUTO, LATÃO, ROSCÁVEL, 1 1/2\" - FORNECIMENTO E INSTALAÇÃO.","UNIDADE",{"v":1,"d":"1.00"},{"v":166.61,"d":"R$166.61"},{"v":206.56,"d":"R$206.56"},{"v":206.56,"d":"R$206.56"}]
["3.10","SINAPI",94498,"REGISTRO DE GAVETA BRUTO, LATÃO, ROSCÁVEL, 2\" - FORNECIMENTO E INSTALAÇÃO.","UNIDADE",{"v":2,"d":"2.00"},{"v":230.68,"d":"R$230.68"},{"v":286,"d":"R$286.00"},{"v":572,"d":"R$572.00"}]
["3.11","SINAPI",94499,"REGISTRO DE GAVETA BRUTO, LATÃO, ROSCÁVEL, 2 1/2\" - FORNECIMENTO E INSTALAÇÃO.","UNIDADE",{"v":1,"d":"1.00"},{"v":465.52,"d":"R$465.52"},{"v":577.15,"d":"R$577.15"},{"v":577.15,"d":"R$577.15"}]
["3.12","SEINFRA","ED-49987","REGISTRO DE GAVETA, TIPO BASE, ROSCÁVEL 1/2\" (PARA TUBO\nSOLDÁVEL OU PPR DN 20MM/CPVC DN 15MM), INCLUSIVE\nACABAMENTO (PADRÃO MÉDIO) E CANOPLA CROMADOS","UNIDADE",{"v":2,"d":"2.00"},{"v":99.53,"d":"R$99.53"},{"v":123.4,"d":"R$123.40"},{"v":246.8,"d":"R$246.80"}]
["3.13","SEINFRA","ED-49991 ","REGISTRO DE GAVETA, TIPO BASE, ROSCÁVEL 1\" (PARA TUBO\nSOLDÁVEL OU PPR DN 32MM/CPVC DN 28MM), INCLUSIVE\nACABAMENTO (PADRÃO MÉDIO) E CANOPLA CROMADOS","UNIDADE",{"v":2,"d":"2.00"},{"v":133.55,"d":"R$133.55"},{"v":165.58,"d":"R$165.58"},{"v":331.16,"d":"R$331.16"}]
["3.14","SINAPI",89984,"REGISTRO DE PRESSÃO BRUTO, LATÃO, ROSCÁVEL, 1/2\", COM ACABAMENTO E CANOPLA CROMADOS - FORNECIMENTO E INSTALAÇÃO.","UNIDADE",{"v":1,"d":"1.00"},{"v":134.78,"d":"R$134.78"},{"v":167.1,"d":"R$167.10"},{"v":167.1,"d":"R$167.10"}]
["3.15","COTAÇÃO",null,"CAIXA D'ÁGUA METALICA, CAPACIDADE 20.000 L - INSTALADA, INCLUSIVE ESTRUTURA EM CONCRETO ARMADO DE SUPORTE, CONFORME PROJETO","UNIDADE",{"v":1,"d":"1.00"},{"v":24500,"d":"R$24,500.00"},{"v":30375.1,"d":"R$30,375.10"},{"v":30375.1,"d":"R$30,375.10"}]
["3.16","SINAPI",95674,"HIDRÔMETRO DN 1/2\", 3,0 M3/H - FORNECIMENTO E INSTALAÇÃO.","UNIDADE",{"v":1,"d":"1.00"},{"v":169.17,"d":"R$169.17"},{"v":209.74,"d":"R$209.74"},{"v":209.74,"d":"R$209.74"}]
["3.17","SEINFRA","ED-50323 ","TORNEIRA METÁLICA PARA IRRIGAÇÃO/JARDIM, ACABAMENTO\nCROMADO, APLICAÇÃO DE PAREDE","UNIDADE",{"v":5,"d":"5.00"},{"v":53.44,"d":"R$53.44"},{"v":66.25,"d":"R$66.25"},{"v":331.25,"d":"R$331.25"}]
["3.18","SINAPI",89508,"TUBO PVC, SÉRIE R, ÁGUA PLUVIAL, DN 40 MM, FORNECIDO E INSTALADO EM RAMAL DE ENCAMINHAMENTO.","M",{"v":24,"d":"24.00"},{"v":16.75,"d":"R$16.75"},{"v":20.77,"d":"R$20.77"},{"v":498.48,"d":"R$498.48"}]
["3.19","SINAPI",89509,"TUBO PVC, SÉRIE R, ÁGUA PLUVIAL, DN 50 MM, FORNECIDO E INSTALADO EM RAMAL DE ENCAMINHAMENTO.","M",{"v":50,"d":"50.00"},{"v":22.63,"d":"R$22.63"},{"v":28.06,"d":"R$28.06"},{"v":1403,"d":"R$1,403.00"}]
["3.20","SINAPI",89511,"TUBO PVC, SÉRIE R, ÁGUA PLUVIAL, DN 75 MM, FORNECIDO E INSTALADO EM RAMAL DE ENCAMINHAMENTO.","M",{"v":25,"d":"25.00"},{"v":38.52,"d":"R$38.52"},{"v":47.76,"d":"R$47.76"},{"v":1194,"d":"R$1,194.00"}]
["3.21","SINAPI",89512,"TUBO PVC, SÉRIE R, ÁGUA PLUVIAL, DN 100 MM, FORNECIDO E INSTALADO EM RAMAL DE ENCAMINHAMENTO.","M",{"v":87,"d":"87.00"},{"v":48.91,"d":"R$48.91"},{"v":60.64,"d":"R$60.64"},{"v":5275.68,"d":"R$5,275.68"}]
["3.22","SINAPI",89707,"CAIXA SIFONADA, PVC, DN 100 X 100 X 50 MM, JUNTA ELÁSTICA, FORNECIDA E INSTALADA EM RAMAL DE DESCARGA OU EM RAMAL DE ESGOTO SANITÁRIO.","UNIDADE",{"v":6,"d":"6.00"},{"v":46.51,"d":"R$46.51"},{"v":57.66,"d":"R$57.66"},{"v":345.96,"d":"R$345.96"}]
["3.23","SINAPI",89709,"RALO SIFONADO, PVC, DN 100 X 40 MM, JUNTA SOLDÁVEL, FORNECIDO E INSTALADO EM RAMAL DE DESCARGA OU EM RAMAL DE ESGOTO SANITÁRIO.","UNIDADE",{"v":1,"d":"1.00"},{"v":19.95,"d":"R$19.95"},{"v":24.73,"d":"R$24.73"},{"v":24.73,"d":"R$24.73"}]
["3.24","SINAPI",98106,"CAIXA DE GORDURA ESPECIAL (CAPACIDADE: 312 L - PARA ATÉ 146 PESSOAS SERVIDAS NO PICO), RETANGULAR, EM ALVENARIA COM TIJOLOS CERÂMICOS MACIÇOS, DIMENSÕES INTERNAS = 0,4X1,2 M, ALTURA INTERNA = 1 M.","UNIDADE",{"v":1,"d":"1.00"},{"v":1047.32,"d":"R$1,047.32"},{"v":1298.47,"d":"R$1,298.47"},{"v":1298.47,"d":"R$1,298.47"}]
["3.25","SEINFRA","ED-49902 ","CAIXA DE ESGOTO DE INSPEÇÃO/PASSAGEM EM ALVENARIA (90X90X140CM), REVESTIMENTO EM ARGAMASSA COM ADITIVO IMPERMEABILIZANTE, COM TAMPA DE CONCRETO, INCLUSIVE ESCAVAÇÃO, REATERRO E TRANSPORTE COM RETIRADA DO MATERIAL ESCAVADO (EM CAÇAMBA)","UNIDADE",{"v":7,"d":"7.00"},{"v":1803.66,"d":"R$1,803.66"},{"v":2236.18,"d":"R$2,236.18"},{"v":15653.26,"d":"R$15,653.26"}]
["3.26","SINAPI",95470,"VASO SANITARIO SIFONADO CONVENCIONAL COM LOUÇA BRANCA, INCLUSO CONJUNTO DE LIGAÇÃO PARA\nBACIA SANITÁRIA AJUSTÁVEL - FORNECIMENTO E INSTALAÇÃO.","UNIDADE",{"v":5,"d":"5.00"},{"v":344.72,"d":"R$344.72"},{"v":427.38,"d":"R$427.38"},{"v":2136.9,"d":"R$2,136.90"}]
["3.27","SINAPI",86931,"VASO SANITÁRIO SIFONADO COM CAIXA ACOPLADA LOUÇA BRANCA, INCLUSO ENGATE FLEXÍVEL EM PLÁSTICO BRANCO, 1/2 X 40CM - FORNECIMENTO E INSTALAÇÃO.","UNIDADE",{"v":3,"d":"3.00"},{"v":564.1,"d":"R$564.10"},{"v":699.37,"d":"R$699.37"},{"v":2098.11,"d":"R$2,098.11"}]
["3.28","SINAPI",86939,"LAVATÓRIO LOUÇA BRANCA COM COLUNA, *44 X 35,5* CM, PADRÃO POPULAR, INCLUSO SIFÃO FLEXÍVEL EM PVC, VÁLVULA E ENGATE FLEXÍVEL 30CM EM PLÁSTICO E COM TORNEIRA CROMADA PADRÃO POPULAR - FORNECIMENTO E INSTALAÇÃO.","UNIDADE",{"v":3,"d":"3.00"},{"v":468.95,"d":"R$468.95"},{"v":581.4,"d":"R$581.40"},{"v":1744.2,"d":"R$1,744.20"}]
["3.29","SINAPI",86943,"LAVATÓRIO LOUÇA BRANCA SUSPENSO, 29,5 X 39CM OU EQUIVALENTE, PADRÃO POPULAR, INCLUSO SIFÃO\nFLEXÍVEL EM PVC, VÁLVULA E ENGATE FLEXÍVEL 30CM EM PLÁSTICO E TORNEIRA CROMADA DE MESA, PADRÃO\nPOPULAR - FORNECIMENTO E INSTALAÇÃO. (PNE)","UNIDADE",{"v":2,"d":"2.00"},{"v":276.51,"d":"R$276.51"},{"v":342.82,"d":"R$342.82"},{"v":685.64,"d":"R$685.64"}]
["3.30","SINAPI",86901,"CUBA DE EMBUTIR OVAL EM LOUÇA BRANCA, 35 X 50CM OU EQUIVALENTE - FORNECIMENTO E INSTALAÇÃO.","UNIDADE",{"v":6,"d":"6.00"},{"v":161.72,"d":"R$161.72"},{"v":200.5,"d":"R$200.50"},{"v":1203,"d":"R$1,203.00"}]
["3.31","SINAPI",86920,"TANQUE DE LOUÇA BRANCA COM COLUNA, 30L OU EQUIVALENTE, INCLUSO SIFÃO FLEXÍVEL EM PVC, VÁLVULA\nPLÁSTICA E TORNEIRA DE METAL CROMADO PADRÃO POPULAR - FORNECIMENTO E INSTALAÇÃO.","UNIDADE",{"v":1,"d":"1.00"},{"v":897.44,"d":"R$897.44"},{"v":1112.65,"d":"R$1,112.65"},{"v":1112.65,"d":"R$1,112.65"}]
["3.32","SINAPI",95544,"PAPELEIRA DE PAREDE EM METAL CROMADO SEM TAMPA, INCLUSO FIXAÇÃO.","UNIDADE",{"v":8,"d":"8.00"},{"v":41.66,"d":"R$41.66"},{"v":51.65,"d":"R$51.65"},{"v":413.2,"d":"R$413.20"}]
["3.33","SINAPI",95542,"PORTA TOALHA ROSTO EM METAL CROMADO, TIPO ARGOLA, INCLUSO FIXAÇÃO.","UNIDADE",{"v":3,"d":"3.00"},{"v":34.4,"d":"R$34.40"},{"v":42.65,"d":"R$42.65"},{"v":127.95,"d":"R$127.95"}]
["3.34","SINAPI",100860,"CHUVEIRO ELÉTRICO COMUM CORPO PLÁSTICO, TIPO DUCHA - FORNECIMENTO E INSTALAÇÃO.","UNIDADE",{"v":1,"d":"1.00"},{"v":104.47,"d":"R$104.47"},{"v":129.52,"d":"R$129.52"},{"v":129.52,"d":"R$129.52"}]
["3.35","SINAPI",86909,"TORNEIRA CROMADA TUBO MÓVEL, DE MESA, 1/2\" OU 3/4\", PARA PIA DE COZINHA, PADRÃO ALTO - FORNECIMENTO E INSTALAÇÃO.","UNIDADE",{"v":2,"d":"2.00"},{"v":126.51,"d":"R$126.51"},{"v":156.85,"d":"R$156.85"},{"v":313.7,"d":"R$313.70"}]
["3.36","SINAPI",99635,"VÁLVULA DE DESCARGA METÁLICA, BASE 1 1/2\", ACABAMENTO METALICO CROMADO - FORNECIMENTO E\nINSTALAÇÃO.","UNIDADE",{"v":5,"d":"5.00"},{"v":395.98,"d":"R$395.98"},{"v":490.94,"d":"R$490.94"},{"v":2454.7,"d":"R$2,454.70"}]
["3.37","SINAPI",95547,"SABONETEIRA PLASTICA TIPO DISPENSER PARA SABONETE LIQUIDO COM RESERVATORIO 800 A 1500 ML, INCLUSO FIXAÇÃO.","UNIDADE",{"v":9,"d":"9.00"},{"v":52.11,"d":"R$52.11"},{"v":64.61,"d":"R$64.61"},{"v":581.49,"d":"R$581.49"}]
["3.38","SINAPI",86936,"CUBA DE EMBUTIR DE AÇO INOXIDÁVEL MÉDIA, INCLUSO VÁLVULA TIPO AMERICANA E SIFÃO TIPO GARRAFA EM\nMETAL CROMADO - FORNECIMENTO E INSTALAÇÃO.","UNIDADE",{"v":2,"d":"2.00"},{"v":572.5,"d":"R$572.50"},{"v":709.79,"d":"R$709.79"},{"v":1419.58,"d":"R$1,419.58"}]
["3.39","SEINFRA","ED-48167 ","BARRA DE APOIO EM AÇO INOX POLIDO PARA LAVATÓRIO DE\nCANTO, DIÂMETRO DE 1.1/4\", PARA ACESSIBILIDADE (PMR/PCR),\nINSTALADO EM PAREDE, INCLUSIVE ACESSÓRIOS PARA FIXAÇÃO","UNIDADE",{"v":2,"d":"2.00"},{"v":181.01,"d":"R$181.01"},{"v":224.42,"d":"R$224.42"},{"v":448.84,"d":"R$448.84"}]
["3.40","SINAPI",100864,"BARRA DE APOIO EM \"L\", EM ACO INOX POLIDO 80 X 80 CM, FIXADA NA PAREDE - FORNECIMENTO E INSTALACAO.","UNIDADE",{"v":6,"d":"6.00"},{"v":694.43,"d":"R$694.43"},{"v":860.95,"d":"R$860.95"},{"v":5165.7,"d":"R$5,165.70"}]
[4,null,null,"INSTALAÇÃO ELÉTRICAS E TELEFÔNICAS",{"$nulls":4},{"v":208368.07,"d":"R$208,368.07"}]
["4.1","SINAPI",91873,"ELETRODUTO RÍGIDO ROSCÁVEL, PVC, DN 40 MM (1 1/4\"), PARA CIRCUITOS TERMINAIS, INSTALADO EM PAREDE - FORNECIMENTO E INSTALAÇÃO.","M",{"v":200,"d":"200.00"},{"v":23.54,"d":"R$23.54"},{"v":29.18,"d":"R$29.18"},{"v":5836,"d":"R$5,836.00"}]
["4.2","SINAPI",91872,"ELETRODUTO RÍGIDO ROSCÁVEL, PVC, DN 32 MM (1\"), PARA CIRCUITOS TERMINAIS, INSTALADO EM PAREDE -\nFORNECIMENTO E INSTALAÇÃO.","M",2.14,{"v":19.39,"d":"R$19.39"},{"v":24.04,"d":"R$24.04"},{"v":51.45,"d":"R$51.45"}]
["4.3","SINAPI",91854,"ELETRODUTO FLEXÍVEL CORRUGADO, PVC, DN 25 MM (3/4\"), PARA CIRCUITOS TE RMINAIS, INSTALADO EM PAREDE - FORNECIMENTO E INSTALAÇÃO. AF_12/2015","M",{"v":600,"d":"600.00"},{"v":10.08,"d":"R$10.08"},{"v":12.5,"d":"R$12.50"},{"v":7500,"d":"R$7,500.00"}]
["4.4","SINAPI",91924,"CABO DE COBRE FLEXÍVEL ISOLADO, 1,5 MM², ANTI-CHAMA 450/750 V, PARA CIRCUITOS TERMINAIS -\nFORNECIMENTO E INSTALAÇÃO.","M",{"v":1500,"d":"1,500.00"},{"v":3.09,"d":"R$3.09"},{"v":3.83,"d":"R$3.83"},{"v":5745,"d":"R$5,745.00"}]
["4.5","SINAPI",91926,"CABO DE COBRE FLEXÍVEL ISOLADO, 2,5 MM², ANTI-CHAMA 450/750 V, PARA CIRCUITOS TERMINAIS - FORNECIMENTO E INSTALAÇÃO.","M",{"v":2300,"d":"2,300.00"},{"v":4.5,"d":"R$4.50"},{"v":5.58,"d":"R$5.58"},{"v":12834,"d":"R$12,834.00"}]
["4.6","SINAPI",91929,"CABO DE COBRE FLEXÍVEL ISOLADO, 4 MM², ANTI-CHAMA 0,6/1,0 KV, PARA CIRCUITOS TERMINAIS - FORNECIMENTO E INSTALAÇÃO.","M",{"v":150,"d":"150.00"},{"v":7.46,"d":"R$7.46"},{"v":9.25,"d":"R$9.25"},{"v":1387.5,"d":"R$1,387.50"}]
["4.7","SINAPI",91931,"CABO DE COBRE FLEXÍVEL ISOLADO, 6 MM², ANTI-CHAMA 0,6/1,0 KV, PARA CIRCUITOS TERMINAIS - FORNECIMENTO E INSTALAÇÃO.","M",{"v":300,"d":"300.00"},{"v":10.53,"d":"R$10.53"},{"v":13.06,"d":"R$13.06"},{"v":3918,"d":"R$3,918.00"}]
["4.8","SINAPI",91933,"CABO DE COBRE FLEXÍVEL ISOLADO, 10 MM², ANTI-CHAMA 0,6/1,0 KV, PARA CIRCUITOS TERMINAIS - FORNECIMENTO E INSTALAÇÃO.","M",{"v":150,"d":"150.00"},{"v":16.87,"d":"R$16.87"},{"v":20.92,"d":"R$20.92"},{"v":3138,"d":"R$3,138.00"}]
["4.9","SINAPI",91934,"CABO DE COBRE FLEXÍVEL ISOLADO, 16 MM², ANTI-CHAMA 450/750 V, PARA CIRCUITOS TERMINAIS - FORNECIMENTO E INSTALAÇÃO.","M",{"v":200,"d":"200.00"},{"v":25.28,"d":"R$25.28"},{"v":31.34,"d":"R$31.34"},{"v":6268,"d":"R$6,268.00"}]
["4.10","SINAPI",98262,"CABO TELEFÔNICO CCI-50 2 PARES, SEM BLINDAGEM, INSTALADO EM ENTRADA DE EDIFICAÇÃO - FORNECIMENTO\nE INSTALAÇÃO.","M",{"v":35,"d":"35.00"},{"v":4.68,"d":"R$4.68"},{"v":5.8,"d":"R$5.80"},{"v":203,"d":"R$203.00"}]
["4.11","SEINFRA","ED-48936 ","CABO TELEFÔNICO CCE-APL-50.2","M",{"v":70,"d":"70.00"},{"v":24.18,"d":"R$24.18"},{"v":29.98,"d":"R$29.98"},{"v":2098.6,"d":"R$2,098.60"}]
["4.12","SINAPI",91953,"INTERRUPTOR SIMPLES (1 MÓDULO), 10A/250V, INCLUINDO SUPORTE E PLACA - FORNECIMENTO E INSTALAÇÃO.","UNIDADE",{"v":24,"d":"24.00"},{"v":29.31,"d":"R$29.31"},{"v":36.34,"d":"R$36.34"},{"v":872.16,"d":"R$872.16"}]
["4.13","SINAPI",91959,"INTERRUPTOR SIMPLES (2 MÓDULOS), 10A/250V, INCLUINDO SUPORTE E PLACA - FORNECIMENTO E INSTALAÇÃO.","UNIDADE",{"v":9,"d":"9.00"},{"v":44.58,"d":"R$44.58"},{"v":55.27,"d":"R$55.27"},{"v":497.43,"d":"R$497.43"}]
["4.14","SINAPI",98308,"TOMADA PARA TELEFONE RJ11 - FORNECIMENTO E INSTALAÇÃO.","UNIDADE",{"v":7,"d":"7.00"},{"v":29.54,"d":"R$29.54"},{"v":36.62,"d":"R$36.62"},{"v":256.34,"d":"R$256.34"}]
["4.15","SINAPI",92000,"TOMADA BAIXA DE EMBUTIR (1 MÓDULO), 2P+T 10 A, INCLUINDO SUPORTE E PLACA - FORNECIMENTO E INSTALAÇÃO.","UNIDADE",{"v":53,"d":"53.00"},{"v":30.17,"d":"R$30.17"},{"v":37.4,"d":"R$37.40"},{"v":1982.2,"d":"R$1,982.20"}]
["4.16","SINAPI",92001,"TOMADA BAIXA DE EMBUTIR (1 MÓDULO), 2P+T 20 A, INCLUINDO SUPORTE E PLACA - FORNECIMENTO E INSTALAÇÃO.","UNIDADE",{"v":5,"d":"5.00"},{"v":32.73,"d":"R$32.73"},{"v":40.58,"d":"R$40.58"},{"v":202.9,"d":"R$202.90"}]
["4.17","SINAPI",91941,"CAIXA RETANGULAR 4\" X 2\" BAIXA (0,30 M DO PISO), PVC, INSTALADA EM PAREDE - FORNECIMENTO E INSTALAÇÃO.","UNIDADE",{"v":97,"d":"97.00"},{"v":12.14,"d":"R$12.14"},{"v":15.05,"d":"R$15.05"},{"v":1459.85,"d":"R$1,459.85"}]
["4.18","SINAPI",91943,"CAIXA RETANGULAR 4\" X 4\" MÉDIA (1,30 M DO PISO), PVC, INSTALADA EM PAREDE - FORNECIMENTO E INSTALAÇÃO.","UNIDADE",{"v":5,"d":"5.00"},{"v":22.4,"d":"R$22.40"},{"v":27.77,"d":"R$27.77"},{"v":138.85,"d":"R$138.85"}]
["4.19","SEINFRA","ED-20582","ENTRADA DE ENERGIA AÉREA, TIPO C2, PADRÃO CEMIG, CARGA INSTALADA DE 15,1KVA ATÉ 23KVA, TRIFÁSICO, COM SAÍDA SUBTERRÂNEA, INCLUSIVE POSTE, CAIXA PARA MEDIDOR, DISJUNTOR, BARRAMENTO, ATERRAMENTO E ACESSÓRIOS","UNIDADE",{"v":1,"d":"1.00"},{"v":2922.72,"d":"R$2,922.72"},{"v":3623.59,"d":"R$3,623.59"},{"v":3623.59,"d":"R$3,623.59"}]
["4.20","SEINFRA","ED-49170 ","CAIXA DE PASSAGEM EM ALVENARIA E TAMPA DE CONCRETO,\nFUNDO DE BRITA, TIPO 1, 50 X 50 X 60 CM, INCLUSIVE ESCAVAÇÃO, REATERRO E BOTA-FORA","UNIDADE",{"v":5,"d":"5.00"},{"v":445.03,"d":"R$445.03"},{"v":551.75,"d":"R$551.75"},{"v":2758.75,"d":"R$2,758.75"}]
["4.21","SINAPI",100560,"QUADRO DE DISTRIBUIÇÃO PARA TELEFONE N.2, 20X20X12CM EM CHAPA METALICA, DE EMBUTIR, SEM ACESSORIOS, PADRÃO TELEBRAS, FORNECIMENTO E INSTALAÇÃO.","UNIDADE",{"v":1,"d":"1.00"},{"v":113.04,"d":"R$113.04"},{"v":140.15,"d":"R$140.15"},{"v":140.15,"d":"R$140.15"}]
["4.22","SINAPI",96973,"CORDOALHA DE COBRE NU 35 MM², NÃO ENTERRADA, COM ISOLADOR - FORNECIMENTO E INSTALAÇÃO.","M",{"v":241.7,"d":"241.70"},{"v":71.47,"d":"R$71.47"},{"v":88.61,"d":"R$88.61"},{"v":21417.04,"d":"R$21,417.04"}]
["4.23","SEINFRA","ED-27090","LUMINÁRIA COMERCIAL COM ALETAS DE SOBREPOR COMPLETA, PARA DUAS (2) LÂMPADAS TUBULARES LED 2X18W-ØT8, TEMPERATURA DA COR 6500K, FORNECIMENTO E INSTALAÇÃO, INCLUSIVE BASE E LÂMPADA","UNIDADE",{"v":5,"d":"5.00"},{"v":291.46,"d":"R$291.46"},{"v":361.35,"d":"R$361.35"},{"v":1806.75,"d":"R$1,806.75"}]
["4.24","SEINFRA","ED-51089","TERMINAL A COMPRESSAO EM COBRE ESTANHADO 2 FUROS PARA CABO 25 MM2","UNIDADE",{"v":37,"d":"37.00"},{"v":18.63,"d":"R$18.63"},{"v":23.1,"d":"R$23.10"},{"v":854.7,"d":"R$854.70"}]
["4.25","SEINFRA","ED-27091 ","LUMINÁRIA COMERCIAL COM ALETAS DE SOBREPOR, PARA QUATRO (4) LÂMPADAS TUBULARES LED 4X18W-ØT8,\nFORNECIMENTO E INSTALAÇÃO, EXCLUSIVE BASE E LÂMPADA","UNIDADE",{"v":75,"d":"75.00"},{"v":443.44,"d":"R$443.44"},{"v":549.78,"d":"R$549.78"},{"v":41233.5,"d":"R$41,233.50"}]
["4.26","SINAPI",98463,"SUPORTE ISOLADOR PARA FIXAÇÃO DA CORDOALHA DE COBRE EM ALVENARIA OU CONCRETO - FORNECIMENTO\nE INSTALAÇÃO.","UNIDADE",{"v":26,"d":"26.00"},{"v":25.63,"d":"R$25.63"},{"v":31.78,"d":"R$31.78"},{"v":826.28,"d":"R$826.28"}]
["4.27","SEINFRA","ED-51073","PARA-RAIO DE LATAO CROMADO, COBRE CROMADO OU ACO INOXIDAVEL, TIPO FRANKLIN","UNIDADE",{"v":3,"d":"3.00"},{"v":415.71,"d":"R$415.71"},{"v":515.4,"d":"R$515.40"},{"v":1546.2,"d":"R$1,546.20"}]
["4.28","SINAPI",92877,"CORTE E DOBRA DE AÇO CA-25, DIÂMETRO DE 10,0 MM.","KG",{"v":17.9,"d":"17.90"},{"v":9.76,"d":"R$9.76"},{"v":12.1,"d":"R$12.10"},{"v":216.59,"d":"R$216.59"}]
["4.29","COTAÇÃO","-","CONECTOR MINI GAR EM LATÃO ESTRANHADO 3/8 CABO 16-50MM","UNIDADE",{"v":26,"d":"26.00"},{"v":32.98,"d":"R$32.98"},{"v":40.89,"d":"R$40.89"},{"v":1063.14,"d":"R$1,063.14"}]
["4.30","SUDECAP","11.92.17","CAIXA DE EQUALIZAÇÃO 20 X 20CM COM 9 TERMINAIS","UNIDADE",{"v":1,"d":"1.00"},{"v":313.15,"d":"R$313.15"},{"v":388.24,"d":"R$388.24"},{"v":388.24,"d":"R$388.24"}]
["4.31","SINAPI",96985,"HASTE DE ATERRAMENTO, DIÂMETRO 5/8\", COM 3 METROS - FORNECIMENTO E INSTALAÇÃO.","UNIDADE",{"v":26,"d":"26.00"},{"v":115.79,"d":"R$115.79"},{"v":143.56,"d":"R$143.56"},{"v":3732.56,"d":"R$3,732.56"}]
["4.32","SINAPI",96973,"CORDOALHA DE COBRE NU 35 MM², NÃO ENTERRADA, COM ISOLADOR - FORNECIMENTO E INSTALAÇÃO.","M",{"v":430,"d":"430.00"},{"v":71.47,"d":"R$71.47"},{"v":88.61,"d":"R$88.61"},{"v":38102.3,"d":"R$38,102.30"}]
["4.33","SINAPI",96974,"CORDOALHA DE COBRE NU 50 MM², NÃO ENTERRADA, COM ISOLADOR - FORNECIMENTO E INSTALAÇÃO.","M",{"v":288,"d":"288.00"},{"v":92.74,"d":"R$92.74"},{"v":114.98,"d":"R$114.98"},{"v":33114.24,"d":"R$33,114.24"}]
["4.34","SINAPI",98111,"CAIXA DE INSPEÇÃO PARA ATERRAMENTO, CIRCULAR, EM POLIETILENO, DIÂMETRO INTERNO = 0,3 M.","UNIDADE",{"v":5,"d":"5.00"},{"v":49.35,"d":"R$49.35"},{"v":61.18,"d":"R$61.18"},{"v":305.9,"d":"R$305.90"}]
["4.35","SEINFRA","ED-34449 ","TERMINAL DE COMPRESSÃO DE 1 FURO PARA CABO DE 50MM2 \n","UNIDADE",{"v":26,"d":"26.00"},{"v":8.75,"d":"R$8.75"},{"v":10.85,"d":"R$10.85"},{"v":282.1,"d":"R$282.10"}]
["4.36","SINAPI",101875,"BLOCO DE SERVIÇO - QUADRO DE DISTRIBUIÇÃO DE ENERGIA EM CHAPA DE AÇO GALVANIZADO, DE EMBUTIR, COM BARRAMENTO TRIFÁSICO, PARA 12 DISJUNTORES DIN 100A - FORNECIMENTO E INSTALAÇÃO.","UNIDADE",{"v":1,"d":"1.00"},{"v":457.01,"d":"R$457.01"},{"v":566.6,"d":"R$566.60"},{"v":566.6,"d":"R$566.60"}]
["4.37","SINAPI",93654,"BLOCO DE SERVIÇO - DISJUNTOR MONOPOLAR TIPO DIN, CORRENTE NOMINAL DE 16A - FORNECIMENTO E INSTALAÇÃO.","UNIDADE",{"v":1,"d":"1.00"},{"v":14.44,"d":"R$14.44"},{"v":17.9,"d":"R$17.90"},{"v":17.9,"d":"R$17.90"}]
["4.38","SINAPI",93655,"BLOCO DE SERVIÇO - DISJUNTOR MONOPOLAR TIPO DIN, CORRENTE NOMINAL DE 20A - FORNECIMENTO E INSTALAÇÃO.","UNIDADE",{"v":2,"d":"2.00"},{"v":15.46,"d":"R$15.46"},{"v":19.17,"d":"R$19.17"},{"v":38.34,"d":"R$38.34"}]
["4.39","SINAPI",93656,"BLOCO DE SERVIÇO - DISJUNTOR MONOPOLAR TIPO DIN, CORRENTE NOMINAL DE 25A - FORNECIMENTO E INSTALAÇÃO.","UNIDADE",{"v":1,"d":"1.00"},{"v":16.36,"d":"R$16.36"},{"v":20.28,"d":"R$20.28"},{"v":20.28,"d":"R$20.28"}]
["4.40","SINAPI",93671,"BLOCO DE SERVIÇO - DISJUNTOR TRIPOLAR TIPO DIN, CORRENTE NOMINAL DE 32A - FORNECIMENTO E INSTALAÇÃO.","UNIDADE",{"v":1,"d":"1.00"},{"v":98.82,"d":"R$98.82"},{"v":122.52,"d":"R$122.52"},{"v":122.52,"d":"R$122.52"}]
["4.41","SINAPI",101875,"BLOCO ADMINISTRATIVO - QUADRO DE DISTRIBUIÇÃO DE ENERGIA EM CHAPA DE AÇO GALVANIZADO, DE EMBUTIR, COM BARRAMENTO TRIFÁSICO, PARA 12 DISJUNTORES DIN 100A - FORNECIMENTO E INSTALAÇÃO.","UNIDADE",{"v":1,"d":"1.00"},{"v":457.01,"d":"R$457.01"},{"v":566.6,"d":"R$566.60"},{"v":566.6,"d":"R$566.60"}]
["4.42","SINAPI",93654,"BLOCO ADMINISTRATIVO - DISJUNTOR MONOPOLAR TIPO DIN, CORRENTE NOMINAL DE 16A - FORNECIMENTO E INSTALAÇÃO.","UNIDADE",{"v":3,"d":"3.00"},{"v":14.44,"d":"R$14.44"},{"v":17.9,"d":"R$17.90"},{"v":53.7,"d":"R$53.70"}]
["4.43","SINAPI",93655,"BLOCO ADMINISTRATIVO - DISJUNTOR MONOPOLAR TIPO DIN, CORRENTE NOMINAL DE 20A - FORNECIMENTO E INSTALAÇÃO.","UNIDADE",{"v":3,"d":"3.00"},{"v":15.46,"d":"R$15.46"},{"v":19.17,"d":"R$19.17"},{"v":57.51,"d":"R$57.51"}]
["4.44","SINAPI",93671,"BLOCO ADMINISTRATIVO - DISJUNTOR TRIPOLAR TIPO DIN, CORRENTE NOMINAL DE 32A - FORNECIMENTO E INSTALAÇÃO.","UNIDADE",{"v":1,"d":"1.00"},{"v":98.82,"d":"R$98.82"},{"v":122.52,"d":"R$122.52"},{"v":122.52,"d":"R$122.52"}]
["4.45","SINAPI",93673,"BLOCO ADMINISTRATIVO - DISJUNTOR TRIPOLAR TIPO DIN, CORRENTE NOMINAL DE 50A - FORNECIMENTO E INSTALAÇÃO.","UNIDADE",{"v":1,"d":"1.00"},{"v":114.79,"d":"R$114.79"},{"v":142.32,"d":"R$142.32"},{"v":142.32,"d":"R$142.32"}]
["4.46","SEINFRA","ED-34481","BLOCO ADMINISTRATIVO - DISJUNTOR BIPOLAR TIPO DIN, CORRENTE NOMINAL DE 70A,\nFORNECIMENTO E INSTALAÇÃO, INCLUSIVE TERMINAL ILHÓS","UNIDADE",{"v":1,"d":"1.00"},{"v":75.26,"d":"R$75.26"},{"v":93.31,"d":"R$93.31"},{"v":93.31,"d":"R$93.31"}]
["4.47","SINAPI",101875,"BLOCO PEDAGÓGICO - QUADRO DE DISTRIBUIÇÃO DE ENERGIA EM CHAPA DE AÇO GALVANIZADO, DE EMBUTIR, COM BARRAMENTO TRIFÁSICO, PARA 12 DISJUNTORES DIN 100A - FORNECIMENTO E INSTALAÇÃO.","UNIDADE",{"v":1,"d":"1.00"},{"v":457.01,"d":"R$457.01"},{"v":566.6,"d":"R$566.60"},{"v":566.6,"d":"R$566.60"}]
["4.48","SINAPI",93654,"BLOCO PEDAGÓGICO - DISJUNTOR MONOPOLAR TIPO DIN, CORRENTE NOMINAL DE 16A - FORNECIMENTO E INSTALAÇÃO.","UNIDADE",{"v":1,"d":"1.00"},{"v":14.44,"d":"R$14.44"},{"v":17.9,"d":"R$17.90"},{"v":17.9,"d":"R$17.90"}]
["4.49","SINAPI",93655,"BLOCO PEDAGÓGICO - DISJUNTOR MONOPOLAR TIPO DIN, CORRENTE NOMINAL DE 20A - FORNECIMENTO E INSTALAÇÃO.","UNIDADE",{"v":2,"d":"2.00"},{"v":15.46,"d":"R$15.46"},{"v":19.17,"d":"R$19.17"},{"v":38.34,"d":"R$38.34"}]
["4.50","SINAPI",93673,"BLOCO PEDAGÓGICO - DISJUNTOR TRIPOLAR TIPO DIN, CORRENTE NOMINAL DE 50A - FORNECIMENTO E INSTALAÇÃO.","UNIDADE",{"v":1,"d":"1.00"},{"v":114.79,"d":"R$114.79"},{"v":142.32,"d":"R$142.32"},{"v":142.32,"d":"R$142.32"}]
[5,null,null,"PAREDES E PAINÉS",{"$nulls":4},{"v":11549.63,"d":"R$11,549.63"}]
["5.1","SEINFRA","ED-48231 ","ALVENARIA DE VEDAÇÃO COM TIJOLO CERÂMICO FURADO, ESP.9CM, PARA REVESTIMENTO, INCLUSIVE ARGAMASSA PARA\nASSENTAMENTO","M²",{"v":2.8,"d":"2.80"},{"v":56.09,"d":"R$56.09"},{"v":69.54,"d":"R$69.54"},{"v":194.71,"d":"R$194.71"}]
["5.2","SINAPI",102253,"DIVISORIA SANITÁRIA, TIPO CABINE, EM GRANITO CINZA POLIDO, ESP = 3CM, ASSENTADO COM ARGAMASSA COLANTE AC III-E, EXCLUSIVE FERRAGENS.","M²",11.32,{"v":675.28,"d":"R$675.28"},{"v":837.21,"d":"R$837.21"},{"v":9477.22,"d":"R$9,477.22"}]
["5.3","SINAPI",101162,"ALVENARIA DE VEDAÇÃO COM ELEMENTO VAZADO DE CERÂMICA (COBOGÓ) DE 7X20X20CM E ARGAMASSA DE\nASSENTAMENTO COM PREPARO EM BETONEIRA.","M²",{"v":10,"d":"10.00"},{"v":151.45,"d":"R$151.45"},{"v":187.77,"d":"R$187.77"},{"v":1877.7,"d":"R$1,877.70"}]
[6,null,null,"ESQUADRIAS",{"$nulls":4},{"v":76139.65,"d":"R$76,139.65"}]
["6.1","SINAPI",90821,"PORTA DE MADEIRA PARA PINTURA, SEMI-OCA (LEVE OU MÉDIA), 70X210CM, ESPESSURA DE 3,5CM, INCLUSO DOBRADIÇAS - FORNECIMENTO E INSTALAÇÃO.","UNIDADE",{"v":6,"d":"6.00"},{"v":318.59,"d":"R$318.59"},{"v":394.99,"d":"R$394.99"},{"v":2369.94,"d":"R$2,369.94"}]
["6.2","SINAPI",90822,"PORTA DE MADEIRA PARA PINTURA, SEMI-OCA (LEVE OU MÉDIA), 80X210CM, ESPESSURA DE 3,5CM, INCLUSO DOBRADIÇAS - FORNECIMENTO E INSTALAÇÃO.","UNIDADE",{"v":8,"d":"8.00"},{"v":341.29,"d":"R$341.29"},{"v":423.13,"d":"R$423.13"},{"v":3385.04,"d":"R$3,385.04"}]
["6.3","SINAPI",90825,"PORTA DE MADEIRA, MACIÇA (PESADA OU SUPERPESADA), 90X210CM, ESPESSURA DE 3,5CM, INCLUSO DOBRADIÇAS - FORNECIMENTO E INSTALAÇÃO.","UNIDADE",{"v":6,"d":"6.00"},{"v":651.29,"d":"R$651.29"},{"v":807.47,"d":"R$807.47"},{"v":4844.82,"d":"R$4,844.82"}]
["6.4","SINAPI",90820,"PORTA DE MADEIRA PARA PINTURA, SEMI-OCA (LEVE OU MÉDIA), 60X210CM, ESPESSURA DE 3,5CM, INCLUSO DOBRADIÇAS - FORNECIMENTO E INSTALAÇÃO.","UNIDADE",{"v":3,"d":"3.00"},{"v":311.35,"d":"R$311.35"},{"v":386.01,"d":"R$386.01"},{"v":1158.03,"d":"R$1,158.03"}]
["6.5","SINAPI",90822,"PORTA DE MADEIRA PARA PINTURA, SEMI-OCA (LEVE OU MÉDIA), 80X210CM, ESPESSURA DE 3,5CM, INCLUSO DOBRADIÇAS - FORNECIMENTO E INSTALAÇÃO.","UNIDADE",{"v":2,"d":"2.00"},{"v":341.29,"d":"R$341.29"},{"v":423.13,"d":"R$423.13"},{"v":846.26,"d":"R$846.26"}]
["6.6","SINAPI",94559,"JANELA DE AÇO TIPO BASCULANTE, PARA VIDROS (VIDROS NÃO INCLUSOS), BATENTE/ REQUADRO INCLUSO (6,5 A 14 CM), DIMENSÕES 60X60 CM, COM COM PINTURA ANTICORROSIVA, SEM ACABAMENTO, COM FERRAGENS, FIXAÇÃO COM ARGAMASSA, EXCLUSIVE CONTRAMARCO - FORNECIMENTO E INSTALAÇÃO.","M²",{"v":60.6,"d":"60.60"},{"v":727.35,"d":"R$727.35"},{"v":901.77,"d":"R$901.77"},{"v":54647.26,"d":"R$54,647.26"}]
["6.7","SINAPI",90830,"FECHADURA DE EMBUTIR COM CILINDRO, EXTERNA, COMPLETA, ACABAMENTO PADRÃO MÉDIO, INCLUSO\nEXECUÇÃO DE FURO - FORNECIMENTO E INSTALAÇÃO.","UNIDADE",{"v":20,"d":"20.00"},{"v":180.75,"d":"R$180.75"},{"v":224.09,"d":"R$224.09"},{"v":4481.8,"d":"R$4,481.80"}]
["6.8","SINAPI",100709,"DOBRADIÇA EM AÇO/FERRO, 3\" X 21/2\", E=1,9 A 2MM, SEN ANEL, CROMADO OU ZINCADO, TAMPA BOLA, COM\nPARAFUSOS.","UNIDADE",{"v":60,"d":"60.00"},{"v":51.75,"d":"R$51.75"},{"v":64.16,"d":"R$64.16"},{"v":3849.6,"d":"R$3,849.60"}]
["6.9","SINAPI",100705,"TARJETA TIPO LIVRE/OCUPADO PARA PORTA DE BANHEIRO.","UNIDADE",{"v":5,"d":"5.00"},{"v":89.84,"d":"R$89.84"},{"v":111.38,"d":"R$111.38"},{"v":556.9,"d":"R$556.90"}]
[7,null,null,"SISTEMA DE COBERTURA",{"$nulls":4},{"v":355585.29,"d":"R$355,585.29"}]
["7.1","SINAPI",94204,"TELHAMENTO COM TELHA CERÂMICA CAPA-CANAL, TIPO COLONIAL, COM MAIS DE 2 ÁGUAS, INCLUSO TRANSPORTE VERTICAL.","M²",{"v":1021.83,"d":"1,021.83"},{"v":101.38,"d":"R$101.38"},{"v":125.69,"d":"R$125.69"},{"v":128433.81,"d":"R$128,433.81"}]
["7.2","SINAPI",94219,"CUMEEIRA E ESPIGÃO PARA TELHA CERÂMICA EMBOÇADA COM ARGAMASSA TRAÇO 1:2:9 (CIMENTO, CAL E AREIA), PARA TELHADOS COM MAIS DE 2 ÁGUAS, INCLUSO TRANSPORTE VERTICAL.","M",{"v":180,"d":"180.00"},{"v":46.65,"d":"R$46.65"},{"v":57.84,"d":"R$57.84"},{"v":10411.2,"d":"R$10,411.20"}]
["7.3","SINAPI",92541,"TRAMA DE MADEIRA COMPOSTA POR RIPAS, CAIBROS E TERÇAS PARA TELHADOS DE ATÉ 2 ÁGUAS PARA TELHA\nCERÂMICA CAPA-CANAL, INCLUSO TRANSPORTE VERTICAL","M²",{"v":1021.83,"d":"1,021.83"},{"v":104.6,"d":"R$104.60"},{"v":129.68,"d":"R$129.68"},{"v":132510.91,"d":"R$132,510.91"}]
["7.4","SINAPI",100327,"RUFO EXTERNO/INTERNO EM CHAPA DE AÇO GALVANIZADO NÚMERO 26, CORTE DE 33 CM, INCLUSO IÇAMENTO.","M",{"v":24.6,"d":"24.60"},{"v":66.07,"d":"R$66.07"},{"v":81.91,"d":"R$81.91"},{"v":2014.99,"d":"R$2,014.99"}]
["7.5","SINAPI",87881,"CHAPISCO APLICADO NO TETO OU EM ALVENARIA E ESTRUTURA, COM ROLO PARA TEXTURA ACRÍLICA. ARGAMASSA TRAÇO 1:4 E EMULSÃO POLIMÉRICA (ADESIVO) COM PREPARO MANUAL.","M²",{"v":2.8,"d":"2.80"},{"v":6.06,"d":"R$6.06"},{"v":7.51,"d":"R$7.51"},{"v":21.03,"d":"R$21.03"}]
["7.6","SINAPI",87529,"MASSA ÚNICA, EM ARGAMASSA TRAÇO 1:2:8, PREPARO MECÂNICO, APLICADA MANUALMENTE EM PAREDES\nINTERNAS DE AMBIENTES COM ÁREA ENTRE 5M² E 10M², E = 17,5MM, COM TALISCAS.","M²",{"v":2.8,"d":"2.80"},{"v":38.73,"d":"R$38.73"},{"v":48.02,"d":"R$48.02"},{"v":134.46,"d":"R$134.46"}]
["7.7","SEINFRA","ED-50722"," REVESTIMENTO COM CERÂMICA APLICADO EM PISO, ACABAMENTO ESMALTADO, AMBIENTE INTERNO, PADRÃO\nCOMERCIAL, DIMENSÃO DA PEÇA (10X10)CM, PEI IV, ASSENTAMENTO COM ARGAMASSA INDUSTRIALIZADA, INCLUSIVE REJUNTAMENTO","M²",{"v":673,"d":"673.00"},{"v":98.35,"d":"R$98.35"},{"v":121.93,"d":"R$121.93"},{"v":82058.89,"d":"R$82,058.89"}]
[8,null,null,"REVESTIMENTOS INTERNOS E EXTERNOS",{"$nulls":4},{"v":88293.75,"d":"R$88,293.75"}]
["8.1","SINAPI",95241,"LASTRO DE CONCRETO MAGRO, APLICADO EM PISOS, LAJES SOBRE SOLO OU RADIERS, ESPESSURA DE 5 CM.","M²",253.56,{"v":40.67,"d":"R$40.67"},{"v":50.42,"d":"R$50.42"},{"v":12784.5,"d":"R$12,784.50"}]
["8.2","SINAPI",87622,"CONTRAPISO EM ARGAMASSA TRAÇO 1:4 (CIMENTO E AREIA), PREPARO MANUAL, APLICADO EM ÁREAS SECAS\nSOBRE LAJE, ADERIDO, ACABAMENTO NÃO REFORÇADO, ESPESSURA 2CM.","M²",253.56,{"v":36.32,"d":"R$36.32"},{"v":45.03,"d":"R$45.03"},{"v":11417.81,"d":"R$11,417.81"}]
["8.3","SINAPI",87250,"REVESTIMENTO CERÂMICO PARA PISO COM PLACAS TIPO ESMALTADA DE DIMENSÕES 45X45 CM APLICADA EM\nAMBIENTES DE ÁREA ENTRE 5 M2 E 10 M2.","M²",666.07,{"v":60.08,"d":"R$60.08"},{"v":74.49,"d":"R$74.49"},{"v":49615.55,"d":"R$49,615.55"}]
["8.4","SINAPI",101747,"PISO EM CONCRETO 20 MPA PREPARO MECÂNICO, ESPESSURA 7CM.","M²",149.39,{"v":78.16,"d":"R$78.16"},{"v":96.9,"d":"R$96.90"},{"v":14475.89,"d":"R$14,475.89"}]
[9,null,null,"SOLEIRA E RODAPÉS",{"$nulls":4},{"v":3357.05,"d":"R$3,357.05"}]
["9.1","SINAPI",98689,"SOLEIRA EM GRANITO, LARGURA 15 CM, ESPESSURA 2,0 CM.","M",{"v":24.7,"d":"24.70"},{"v":90.44,"d":"R$90.44"},{"v":112.13,"d":"R$112.13"},{"v":2769.61,"d":"R$2,769.61"}]
["9.2","SINAPI",88649,"RODAPÉ CERÂMICO DE 7CM DE ALTURA COM PLACAS TIPO ESMALTADA DE DIMENSÕES 45X45CM.","M",{"v":56,"d":"56.00"},{"v":8.46,"d":"R$8.46"},{"v":10.49,"d":"R$10.49"},{"v":587.44,"d":"R$587.44"}]
[10,null,null,"PINTURA",{"$nulls":4},{"v":27654.11,"d":"R$27,654.11"}]
["10.1","SINAPI",88489,"PINTURA LÁTEX ACRÍLICA PREMIUM, APLICAÇÃO MANUAL EM PAREDES, DUAS DEMÃOS.","M²",815.76,{"v":13.03,"d":"R$13.03"},{"v":16.15,"d":"R$16.15"},{"v":13174.52,"d":"R$13,174.52"}]
["10.2","SINAPI",88488,"PINTURA LÁTEX ACRÍLICA PREMIUM, APLICAÇÃO MANUAL EM TETO, DUAS DEMÃOS.","M²",508.38,{"v":15.42,"d":"R$15.42"},{"v":19.12,"d":"R$19.12"},{"v":9720.23,"d":"R$9,720.23"}]
["10.3","SINAPI",102220,"PINTURA TINTA DE ACABAMENTO (PIGMENTADA) ESMALTE SINTÉTICO BRILHANTE EM MADEIRA, 2 DEMÃOS.","M²",{"v":80,"d":"80.00"},{"v":17.94,"d":"R$17.94"},{"v":22.24,"d":"R$22.24"},{"v":1779.2,"d":"R$1,779.20"}]
["10.4","SINAPI",102210,"PINTURA TINTA DE ACABAMENTO (PIGMENTADA) ESMALTE SINTÉTICO BRILHANTE EM MADEIRA, 1 DEMÃO.","M²",{"v":268,"d":"268.00"},{"v":8.97,"d":"R$8.97"},{"v":11.12,"d":"R$11.12"},{"v":2980.16,"d":"R$2,980.16"}]
[11,null,null,"ELEMENTOS DECORATIVOS E OUTROS",{"$nulls":4},{"v":61271.78,"d":"R$61,271.78"}]
["11.1","SEINFRA","ED-48353 ","BANCO INTERNO EM CONCRETO E ALVENARIA, ACABAMENTO EM VERNIZ, E = 8 CM, L = 40 CM","M",{"v":10.8,"d":"10.80"},{"v":241,"d":"R$241.00"},{"v":298.79,"d":"R$298.79"},{"v":3226.93,"d":"R$3,226.93"},3226.93,3234.54]
["11.2","SEINFRA","ED-21096 ","BANCADA EM GRANITO, COR CINZA ANDORINHA, ESP. 3CM,\nACABAMENTO POLIDO, APOIADA EM ALVENARIA, EXCLUSIVE\nALVENARIA, RODABANCA/FRONTÃO, TESTEIRA/FAIXA, FURO EM\nBANCADA, CUBA METÁLICA, VÁLVULA, SIFÃO, TORNEIRA E\nENGATE FLEXÍVEL (2,85x0,60)","M²",3.42,{"v":411.52,"d":"R$411.52"},{"v":510.2,"d":"R$510.20"},{"v":1744.88,"d":"R$1,744.88"}]
["11.3","SEINFRA","ED-21096 ","BANCADA EM GRANITO, COR CINZA ANDORINHA, ESP. 3CM,\nACABAMENTO POLIDO, APOIADA EM ALVENARIA, EXCLUSIVE\nALVENARIA, RODABANCA/FRONTÃO, TESTEIRA/FAIXA, FURO EM\nBANCADA, CUBA METÁLICA, VÁLVULA, SIFÃO, TORNEIRA E\nENGATE FLEXÍVEL (3,65x0,60)","M²",2.19,{"v":411.52,"d":"R$411.52"},{"v":510.2,"d":"R$510.20"},{"v":1117.34,"d":"R$1,117.34"}]
["11.4","SEINFRA","ED-21096 ","BANCADA EM GRANITO, COR CINZA ANDORINHA, ESP. 3CM,\nACABAMENTO POLIDO, APOIADA EM ALVENARIA, EXCLUSIVE\nALVENARIA, RODABANCA/FRONTÃO, TESTEIRA/FAIXA, FURO EM\nBANCADA, CUBA METÁLICA, VÁLVULA, SIFÃO, TORNEIRA E\nENGATE FLEXÍVEL (3,65x0,60)","M²",2.19,{"v":411.52,"d":"R$411.52"},{"v":510.2,"d":"R$510.20"},{"v":1117.34,"d":"R$1,117.34"}]
["11.5","SEINFRA","ED-48347 ","RODABANCA/FRONTÃO PARA BANCADA EM GRANITO, COR CINZA ANDORINHA, ESP. 2CM, ALTURA DE 7CM, INCLUSIVE\nREJUNTAMENTO EM MASSA PLÁSTICA NA COR DA PEDRA","M",10.15,{"v":46.62,"d":"R$46.62"},{"v":57.8,"d":"R$57.80"},{"v":586.67,"d":"R$586.67"}]
["11.6","SEINFRA","ED-50838 ","BANCADA COMPLETA, INCLUSIVE ARMÁRIO EM COMPENSADO 20 MM, COM PORTA REVESTIDA EM LAMINADO MELAMÍNICO BRANCO NAS DUAS FACES, H = 75 CM, PRATELEIRA REVESTIDA, BANCADA L = 60 CM E RODABANCADA DE GRANITO CINZA ANDORINHA,","CJ",{"v":2,"d":"2.00"},{"v":4508.86,"d":"R$4,508.86"},{"v":5590.08,"d":"R$5,590.08"},{"v":11180.16,"d":"R$11,180.16"}]
["11.7","SEINFRA",50832,"BANCADA COM TAMPO DE MADEIRA COM REVESTIMENTO MELAMÍNICO BRANCO (DIM 0,80 X 6,00 M) E BASE EM ALVENARIA REVESTIDA EM CERÂMICA, CONFORME PROJETO.","UNIDADE",{"v":1,"d":"1.00"},{"v":2658.34,"d":"R$2,658.34"},{"v":3295.81,"d":"R$3,295.81"},{"v":3295.81,"d":"R$3,295.81"}]
["11.8","SEINFRA","ED-50869"," QUADRO PARA PINCEL ATÔMICO, EM CHAPA RESINADA (310 x 131cm), COMPLETO","UNIDADE",{"v":6,"d":"6.00"},{"v":790.75,"d":"R$790.75"},{"v":980.37,"d":"R$980.37"},{"v":5882.22,"d":"R$5,882.22"}]
["11.9","SEINFRA","ED-50869"," QUADRO PARA PINCEL ATÔMICO, EM CHAPA RESINADA (310 x 131cm), COMPLETO (SALA DE INFORMÁTICA)","UNIDADE",{"v":1,"d":"1.00"},{"v":790.75,"d":"R$790.75"},{"v":980.37,"d":"R$980.37"},{"v":980.37,"d":"R$980.37"}]
["11.10","SEINFRA","ED-50694 ","PRATELEIRA DE MADEIRA, COM ACABAMENTO TINTA ESMALTE,\nESP. 3CM, APOIADA EM CONSOLE DE METALON (30X20)MM,\nINCLUSIVE FIXAÇÃO, APLICAÇÃO DE TINTA ESMALTE, DUAS (2)\nDEMÃOS E FUNDO NIVELADOR, UMA (1) DEMÃO, EXCLUSIVE\nMASSA A ÓLEO","M²",9.54,{"v":273.47,"d":"R$273.47"},{"v":339.05,"d":"R$339.05"},{"v":3234.54,"d":"R$3,234.54"}]
["11.11","SINAPI",101909,"EXTINTOR DE INCÊNDIO PORTÁTIL COM CARGA DE PQS DE 6 KG, CLASSE BC - FORNECIMENTO E INSTALAÇÃO.","UNIDADE",{"v":7,"d":"7.00"},{"v":207.23,"d":"R$207.23"},{"v":256.92,"d":"R$256.92"},{"v":1798.44,"d":"R$1,798.44"}]
["11.12","SINAPI",92691,"TUBO DE AÇO PRETO SEM COSTURA, CLASSE MÉDIA, CONEXÃO SOLDADA, DN 25 (1\"), INSTALADO EM RAMAIS E\nSUB-RAMAIS DE GÁS - FORNECIMENTO E INSTALAÇÃO.","M",{"v":7,"d":"7.00"},{"v":98.05,"d":"R$98.05"},{"v":121.56,"d":"R$121.56"},{"v":850.92,"d":"R$850.92"}]
["11.13","SINAPI",96845,"JOELHO 90 GRAUS, METÁLICO, PARA INSTALAÇÕES EM PEX ÁGUA, DN 25 MM, CONEXÃO POR ANEL DESLIZANTE -\nFORNECIMENTO E INSTALAÇÃO.","UNIDADE",{"v":5,"d":"5.00"},{"v":39.92,"d":"R$39.92"},{"v":49.49,"d":"R$49.49"},{"v":247.45,"d":"R$247.45"}]
["11.14","SINAPI",97553,"TÊ, EM AÇO, CONEXÃO SOLDADA, DN 20 (3/4\"), INSTALADO EM RAMAIS E SUB-RAMAIS DE GÁS - FORNECIMENTO E\nINSTALAÇÃO.","UNIDADE",{"v":1,"d":"1.00"},{"v":75.55,"d":"R$75.55"},{"v":93.67,"d":"R$93.67"},{"v":93.67,"d":"R$93.67"}]
["11.15","SINAPI",92892,"UNIÃO, EM FERRO GALVANIZADO, DN 25 (1\"), CONEXÃO ROSQUEADA, INSTALADO EM REDE DE ALIMENTAÇÃO\nPARA HIDRANTE - FORNECIMENTO E INSTALAÇÃO.","UNIDADE",{"v":2,"d":"2.00"},{"v":58.27,"d":"R$58.27"},{"v":72.24,"d":"R$72.24"},{"v":144.48,"d":"R$144.48"}]
["11.16","SINAPI",95249,"VÁLVULA DE ESFERA BRUTA, BRONZE, ROSCÁVEL, 3/4'' - FORNECIMENTO E INSTALAÇÃO.","UNIDADE",{"v":1,"d":"1.00"},{"v":98.16,"d":"R$98.16"},{"v":121.7,"d":"R$121.70"},{"v":121.7,"d":"R$121.70"}]
["11.17","SINAPI",92953,"LUVA DE REDUÇÃO, EM FERRO GALVANIZADO, 3/4\" X 1/2\", CONEXÃO ROSQUEADA, INSTALADO EM RAMAIS E\nSUB-RAMAIS DE GÁS - FORNECIMENTO E INSTALAÇÃO.","UNIDADE",{"v":3,"d":"3.00"},{"v":24.84,"d":"R$24.84"},{"v":30.8,"d":"R$30.80"},{"v":92.4,"d":"R$92.40"}]
["11.18","SINAPI",102162,"INSTALAÇÃO DE VIDRO LISO INCOLOR, E = 4 MM, EM ESQUADRIA DE ALUMÍNIO OU PVC, FIXADO COM BAGUETE.","M²",50.58,{"v":363.36,"d":"R$363.36"},{"v":450.49,"d":"R$450.49"},{"v":22785.78,"d":"R$22,785.78"}]
["11.19","SEINFRA","ED-29731 ","VIDRO IMPRESSO (FANTASIA) TRANSLÚCIDO INCOLOR, ESP. 4MM, INCLUSIVE FIXAÇÃO E VEDAÇÃO COM GUARNIÇÃO/GAXETA DE BORRACHA NEOPRENE, FORNECIMENTO E INSTALAÇÃO,\nEXCLUSIVE CAIXILHO/PERFIL","M²",{"v":2.1,"d":"2.10"},{"v":249.43,"d":"R$249.43"},{"v":309.24,"d":"R$309.24"},{"v":649.4,"d":"R$649.40"}]
["11.20","SEINFRA","ED-51150 ","ESPELHO CRISTAL, DIMENSÃO (60X90)CM, COM ESP. 4MM, EM\nACABAMENTO LAPIDADO, INCLUSIVE FIXAÇÃO COM PARAFUSO\nTIPO FINESSON, FORNECIMENTO E INSTALAÇÃO","UNIDADE",{"v":8,"d":"8.00"},{"v":213.87,"d":"R$213.87"},{"v":265.16,"d":"R$265.16"},{"v":2121.28,"d":"R$2,121.28"}]
[12,null,null,"INSTALAÇÕES DE REDE LÓGICA",{"$nulls":4},{"v":9226.3,"d":"R$9,226.30"}]
["12.1","SINAPI",91893,"CURVA 90 GRAUS PARA ELETRODUTO, PVC, ROSCÁVEL, DN 32 MM (1\"), PARA CIRCUITOS TERMINAIS, INSTALADA\nEM FORRO - FORNECIMENTO E INSTALAÇÃO.","UNIDADE",{"v":26,"d":"26.00"},{"v":17.67,"d":"R$17.67"},{"v":21.91,"d":"R$21.91"},{"v":569.66,"d":"R$569.66"}]
["12.2","SINAPI","ED-49311 ","ELETRODUTO DE PVC RÍGIDO ROSCÁVEL, DN 40 MM (1.1/2\"), INCLUSIVE CONEXÕES, SUPORTES E FIXAÇÃO","M",{"v":110,"d":"110.00"},{"v":34.86,"d":"R$34.86"},{"v":43.22,"d":"R$43.22"},{"v":4754.2,"d":"R$4,754.20"}]
["12.3","SINAPI",98288,"CABO TELEFÔNICO CCI-50 2 PARES, SEM BLINDAGEM, INSTALADO EM DISTRIBUIÇÃO DE EDIFICAÇÃO\nINSTITUCIONAL - FORNECIMENTO E INSTALAÇÃO.","M",{"v":130,"d":"130.00"},{"v":2.25,"d":"R$2.25"},{"v":2.79,"d":"R$2.79"},{"v":362.7,"d":"R$362.70"}]
["12.4","SEINFRA","ED-9194 ","CABO UTP COM QUATRO (4) PARES, CATEGORIA 6,\nCLASSIFICAÇÃO LSZH, COM ISOLAMENTO NÃO HALOGENADO E ANTICHAMA, EXCLUSIVE CONECTOR/PLUG MACHO RJ45 E\nCRIMPAGEM","M",{"v":205,"d":"205.00"},{"v":5.75,"d":"R$5.75"},{"v":7.13,"d":"R$7.13"},{"v":1461.65,"d":"R$1,461.65"}]
["12.5","SINAPI",100561,"QUADRO DE DISTRIBUICAO PARA TELEFONE N.3, 40X40X12CM EM CHAPA METALICA, DE EMBUTIR, SEM ACESSORIOS, PADRAO TELEBRAS, FORNECIMENTO E INSTALAÇÃO.","UNIDADE",{"v":1,"d":"1.00"},{"v":202.16,"d":"R$202.16"},{"v":250.64,"d":"R$250.64"},{"v":250.64,"d":"R$250.64"}]
["12.6","SINAPI",98307,"TOMADA DE REDE RJ45 - FORNECIMENTO E INSTALAÇÃO.","UNIDADE",{"v":19,"d":"19.00"},{"v":43.87,"d":"R$43.87"},{"v":54.39,"d":"R$54.39"},{"v":1033.41,"d":"R$1,033.41"}]
["12.7","SINAPI",98308,"TOMADA PARA TELEFONE RJ11 - FORNECIMENTO E INSTALAÇÃO","UNIDADE",{"v":5,"d":"5.00"},{"v":29.54,"d":"R$29.54"},{"v":36.62,"d":"R$36.62"},{"v":183.1,"d":"R$183.10"}]
["12.8","SINAPI",91943,"CAIXA RETANGULAR 4\" X 4\" MÉDIA (1,30 M DO PISO), PVC, INSTALADA EM PAREDE - FORNECIMENTO E INSTALAÇÃO.","UNIDADE",{"v":22,"d":"22.00"},{"v":22.4,"d":"R$22.40"},{"v":27.77,"d":"R$27.77"},{"v":610.94,"d":"R$610.94"}]
[13,null,null,"PORTAL DE ACESSO (MURO E COBERTURA)",{"$nulls":4},{"v":15045.85,"d":"R$15,045.85"}]
["13.1","SINAPI",101161,"ALVENARIA DE VEDAÇÃO COM ELEMENTO VAZADO DE CONCRETO (COBOGÓ) DE 7X50X50CM E ARGAMASSA DE\nASSENTAMENTO COM PREPARO EM BETONEIRA.","M²",26.73,{"v":243.2,"d":"R$243.20"},{"v":301.52,"d":"R$301.52"},{"v":8059.63,"d":"R$8,059.63"}]
["13.2","SEINFRA","ED-50982 ","PORTÃO EM CHAPA DE AÇO GALVANIZADO, TIPO LAMBRIL, ESP. 1, 25MM (GSG-18), COM REQUADRO EM TUBO DE AÇO (50X30)MM, ESP. 1,25MM, EXCLUSIVE CADEADO E PINTURA","M²",{"v":4.2,"d":"4.20"},{"v":480.52,"d":"R$480.52"},{"v":595.75,"d":"R$595.75"},{"v":2502.15,"d":"R$2,502.15"}]
["13.3","SINAPI",92539,"TRAMA DE MADEIRA COMPOSTA POR RIPAS, CAIBROS E TERÇAS PARA TELHADOS DE ATÉ 2 ÁGUAS PARA TELHA DE ENCAIXE DE CERÂMICA OU DE CONCRETO, INCLUSO TRANSPORTE VERTICAL.","M²",{"v":15.6,"d":"15.60"},{"v":96.61,"d":"R$96.61"},{"v":119.78,"d":"R$119.78"},{"v":1868.57,"d":"R$1,868.57"}]
["13.4","SINAPI",94201,"TELHAMENTO COM TELHA CERÂMICA CAPA-CANAL, TIPO COLONIAL, COM ATÉ 2 ÁGUAS, INCLUSO TRANSPORTE\nVERTICAL.","M²",{"v":15.6,"d":"15.60"},{"v":95.46,"d":"R$95.46"},{"v":118.35,"d":"R$118.35"},{"v":1846.26,"d":"R$1,846.26"}]
["13.5","SINAPI",942121,"CUMEEIRA PARA TELHA CERÂMICA EMBOÇADA COM ARGAMASSA TRAÇO 1:2:9 (CIMENTO, CAL E AREIA) PARA TELHADOS COM ATÉ 2 ÁGUAS, INCLUSO TRANSPORTE VERTICAL.","M",{"v":15.6,"d":"15.60"},{"v":39.77,"d":"R$39.77"},{"v":49.31,"d":"R$49.31"},{"v":769.24,"d":"R$769.24"}]
[14,null,null,"LIMPEZA DA OBRA",{"$nulls":4},{"v":1738.2,"d":"R$1,738.20"}]
["14.1","SINAPI",99814,"LIMPEZA DE SUPERFÍCIE COM JATO DE ALTA PRESSÃO.","M²",727.28,{"v":1.93,"d":"R$1.93"},{"v":2.39,"d":"R$2.39"},{"v":1738.2,"d":"R$1,738.20"}]
["TOTAL:",{"$nulls":7},{"v":990524.07,"d":"R$990,524.07"}]
[]
[]
[]
["__________________________________________________________________________"]
["ELIVALDO VERSIANI DE SOUZA"]
["PREFEITO DO MUNICIPIO DE PATIS/MG"]
[]
[]
[]
["__________________________________________________________________________"]
["GERALDO AUGUSTO FERREIRA DA SILVA"]
["ENG. CIVIL CREA/MG nº 18.8291/D"]
[]
["PATIS, 09 DE SETEMBRO"]

{"sheet":"CRONOGRAMA","index":1,"n_rows":36,"n_cols":28,"rows_kept":36,"merged":[[0,0,0,27],[1,0,1,1],[1,2,1,5],[1,6,1,14],[1,15,1,27],[2,0,2,9],[2,10,2,14],[2,15,2,26],[3,0,4,0],[3,1,4,1],[3,2,3,3],[3,4,3,5],[3,6,3,7],[3,8,3,9],[3,10,3,11],[3,12,3,13],[3,14,3,15],[3,16,3,17],[3,18,3,19],[3,20,3,21],[3,22,3,23],[3,24,3,25],[3,26,4,26],[3,27,4,27],[19,0,19,25],[25,0,25,8],[25,15,25,23],[26,0,26,8],[26,15,26,23],[27,0,27,8],[27,15,27,23]],"flags":["formulas_cached_only"]}
["CRONOGRAMA FISICO FINANCEIRO "]
["MUNICIPIO DE PATIS/MG",null,"VALOR ",{"$nulls":3},{"v":990524.07,"d":"R$990,524.07"},{"$nulls":8},"DATA: 09/09/2025"]
["OBRA: TÉRMINO DE CONSTRUÇÃO DE ESCOLA 04 SALAS NO ÂMBITO DO PROJETO ESPAÇO EDUCATIVO URBANO E RURAL II/FNDE",{"$nulls":9},"LOCAL: COMUNIDADE DE PINDAIBA DO ARROZ",{"$nulls":4},"PRAZO DE EXECUÇÃO: 360 DIAS",{"$nulls":11},100]
["ORDEM","DESCRIÇÃO","MÊS 1",null,"MÊS 2",null,"MÊS 3",null,"MÊS 4",null,"MÊS 5",null,"MÊS 6",null,"MÊS 7",null,"MÊS 8",null,"MÊS 9",null,"MÊS 10",null,"MÊS 11",null,"MÊS 12",null,"VALOR DO ITEM (R$)","(%) REFERENTE A OBRA"]
[null,null,"Q1","Q2","Q1","Q2","Q1","Q2","Q1","Q2","Q1","Q2","Q1","Q2","Q1","Q2","Q1","Q2"]
[1,"SERVIÇOS PRELIMINARES",{"$nulls":24},{"v":3708.6,"d":"3,708.60"},{"v":0.3744078551385863,"d":"0.37"}]
[2,"SUPERESTRUTURA",{"$nulls":24},{"v":45916.14,"d":"45,916.14"},{"v":4.635539959457221,"d":"4.64"}]
[3,"INSTALAÇÃO HIDROSSANITÁRIA",{"$nulls":24},{"v":82669.67,"d":"82,669.67"},{"v":8.34605345136028,"d":"8.35"}]
[4,"INSTALAÇÃO ELÉTRICAS E TELEFÔNICAS",{"$nulls":24},{"v":208368.07,"d":"208,368.07"},{"v":21.036143603534168,"d":"21.04"}]
[5,"PAREDES E PAINÉS",{"$nulls":24},{"v":11549.63,"d":"11,549.63"},{"v":1.1660120250078925,"d":"1.17"}]
[6,"ESQUADRIAS",{"$nulls":24},{"v":76139.65,"d":"76,139.65"},{"v":7.686804467319921,"d":"7.69"}]
[7,"SISTEMA DE COBERTURA",{"$nulls":24},{"v":355585.29,"d":"355,585.29"},{"v":35.89870186801817,"d":"35.90"}]
[8,"REVESTIMENTOS INTERNOS E EXTERNOS",{"$nulls":24},{"v":88293.75,"d":"88,293.75"},{"v":8.913841762293737,"d":"8.91"}]
[9,"SOLEIRA E RODAPÉS",{"$nulls":24},{"v":3357.05,"d":"3,357.05"},{"v":0.33891654265571675,"d":"0.34"}]
[10,"PINTURA",{"$nulls":24},{"v":27654.11,"d":"27,654.11"},{"v":2.7918664754534137,"d":"2.79"}]
[11,"ELEMENTOS DECORATIVOS E OUTROS",{"$nulls":24},{"v":61271.78,"d":"61,271.78"},{"v":6.185794027482967,"d":"6.19"}]
[12,"INSTALAÇÕES DE REDE LÓGICA",{"$nulls":24},{"v":9226.3,"d":"9,226.30"},{"v":0.9314563969867709,"d":"0.93"}]
[13,"PORTAL DE ACESSO (MURO E COBERTURA)",{"$nulls":24},{"v":15045.85,"d":"15,045.85"},{"v":1.5189787055052846,"d":"1.52"}]
[14,"LIMPEZA DA OBRA",{"$nulls":24},{"v":1738.2,"d":"1,738.20"},{"v":0.17548285978587355,"d":"0.18"}]
["TOTAL:",{"$nulls":25},{"v":990524.09,"d":"R$990,524.09"},{"v":100.00000000000003,"d":"100.00"}]
[]
[]
[]
[]
[]
["__________________________________________________________________________",{"$nulls":14},"__________________________________________________________________________"]
["ELIVALDO VERSIANI DE SOUZA",{"$nulls":14},"GERALDO AUGUSTO FERREIRA DA SILVA"]
["PREFEITO DO MUNICIPIO DE PATIS/MG",{"$nulls":14},"ENG. CIVIL CREA/MG nº 18.8291/D"]
{"$rows_empty":7}
["PATIS, 09 de Setembro de 2025."]

{"sheet":"BDI","index":2,"n_rows":20,"n_cols":18,"rows_kept":20,"merged":[[0,0,0,19],[1,1,1,9],[1,10,1,19],[2,1,2,19],[3,1,3,19],[4,0,4,7],[4,8,4,12],[4,13,4,16],[4,17,4,19],[5,0,5,7],[5,8,5,10],[5,13,5,17],[6,0,6,7],[6,8,6,10],[6,13,6,17],[7,0,7,7],[7,8,7,10],[7,13,7,17],[8,0,8,7],[8,8,8,10],[8,13,8,17],[9,0,9,7],[9,8,9,10],[9,13,10,19],[10,0,10,7],[10,8,10,10],[11,0,11,17]],"flags":["formulas_cached_only"]}
["PLANILHA DE CALCULO BDI"]
["MUNICIPIO","PREFEITURA MUNICIPAL DE PATIS",{"$nulls":8},"TERMO DE COMPROMISSO PAR N°19635/FNDE"]
["PROJETO","TERMINO DA CONSTRUÇÃO DA ESCOLA 04 SALAS PADRÃO FNDE PINDAIBA DO ARROZ"]
["ENDEREÇO:","COMUNIDADE DE PINDAIBA DO ARROZ"]
["Composição de BDI Sugerida",{"$nulls":7},"Composição de BDI Adotada",{"$nulls":4},"BDI Proposto",{"$nulls":3},{"v":0.23978680305957445,"d":"23.98%"}]
["Garantia (G)",{"$nulls":7},"Garantia:",null,null,0.49,"%"," Fórmula:"]
["Risco (R)",{"$nulls":7},"Risco:",null,null,1.39,"%","BDI = ((1+AC+G+S+R) x (1+DF) x (1+L))  -1"]
["Despesas Financeiras (DF)",{"$nulls":7},"Despesas Financeiras:",null,null,0.99,"%","(1-T)"]
["Administração Central (AC)",{"$nulls":7},"Administração Central:",null,null,4.93,"%","  Observação:"]
["Lucros (L) ",{"$nulls":7},"Lucros:",null,null,8.04,"%","   I)   Composição do BDI,Intervalos admissíveis e Fórmula de Cálculo no Acórdão 2622/2013 do TCU"]
["Tributos (T)",{"$nulls":7},"Tributos:",null,null,{"v":6,"d":"6.00"},"%"]
[]
[]
[]
[]
[]
[]
[null,"__________________________________________",{"$nulls":9},"_____________________________________"]
[null,"ELIVALDO VERSIANI DE SOUZA",{"$nulls":9},"GERALDO AUGUSTO FERREIRA DA SILVA"]
[null,"PREFEITO MUNICIPAL",{"$nulls":9},"ENGENHEIRO CIVIL CREA:188291/D"]